000 00393nam a2200157Ia 4500
999 _c1800
_d1800
003 OSt
005 20190918143616.0
008 190723s9999 xx 000 0 und d
020 _a978-0816063826
040 _cmaju
100 _aHarry Henderson
245 4 _aThe Encyclopedia of Computer Science & Technology
260 _aNew Delhi
_bViva Books
_c2017
300 _a580.:p
942 _cBK
_2ddc